000 00374nam a2200133Ia 4500
008 231129s9999||||xx |||||||||||||| ||spa||
020 _a958-9089-18-6
040 _bspa
082 _a370.78 B858in
100 _aBriones Guillermo
245 0 _aLa investigación de la comunidad
264 _aConvenio Andrés Bello
942 _2ddc
_cBKS
999 _c17424
_d17424